[Event "Grand Masters/Experts-ch"]
[Site "Lansing"]
[Date "1999.01.09"]
[Round "2"]
[White "McCrandell, James"]
[Black "Hanson, Eric"]
[Result "1-0"]
[WhiteElo "1605"]
[BlackElo "1605"]
[PlyCount "103"]
[EventDate "1999.??.??"]
[EventType "swiss"]
[EventRounds "5"]
[EventCountry "USA"]
[SourceTitle "EXT 2007"]
[Source "ChessBase"]
[SourceDate "2006.11.23"]
[SourceVersion "1"]
[SourceVersionDate "2006.11.23"]
[SourceQuality "1"]

1. e4 Nc6 2. Bc4 Nf6 3. d3 e6 4. Nf3 d5 5. exd5 Nxd5 6. Bb5 a6 7. Ba4 b5 8. Bb3 Bd6 9. Qe2 0-0 10. 0-0 Na5 11. Qe4 Bb7 12. Qe1 Nf6 13. Qxa5 Bxf3 14. gxf3 Nh5 15. Re1 Qh4 16. Nc3 Qxh2+ 17. Kf1 Qh1+ 18. Ke2 Qg2 19. Ne4 Be5 20. Be3 Nf6 21. Nxf6+ Bxf6 22. Rh1 Qg6 23. c3 c6 24. Bc2 Rfd8 25. Rac1 Qf5 26. d4 Qd5 27. Bxh7+ Kf8 28. Be4 Qc4+ 29. Bd3 Qd5 30. Qa3+ Qd6 31. Rh8+ Ke7 32. Qxd6+ Kxd6 33. Rxd8+ Rxd8 34. Rg1 e5 35. dxe5+ Bxe5 36. Be4 Rc8 37. Bf5 Rc7 38. Rd1+ Ke7 39. Bc5+ Kf6 40. Bg4 g5 41. Bd6 Bxd6 42. Rxd6+ Ke7 43. Rh6 c5 44. Rxa6 Kf8 45. Bf5 Re7+ 46. Kd2 Re5 47. Bg4 b4 48. cxb4 cxb4 49. Rb6 f5 50. Rf6+ Ke7 51. Rxf5 Rxf5 52. Bxf5 1-0

[Event "Grand Masters/Experts-ch"]
[Site "Lansing"]
[Date "1999.01.09"]
[Round "1"]
[White "Miller, Jesse"]
[Black "Hanson, Eric"]
[Result "1-0"]
[WhiteElo "1605"]
[BlackElo "1605"]
[PlyCount "93"]
[EventDate "1999.??.??"]
[EventType "swiss"]
[EventRounds "5"]
[EventCountry "USA"]
[SourceTitle "EXT 2007"]
[Source "ChessBase"]
[SourceDate "2006.11.23"]
[SourceVersion "1"]
[SourceVersionDate "2006.11.23"]
[SourceQuality "1"]

1. d4 Nc6 2. e4 e5 3. d5 Nce7 4. Nf3 Ng6 5. c4 Nf6 6. Nc3 Bc5 7. h3 d6 8. Be2 0-0 9. Bg5 h6 10. Bd2 Ne8 11. Qc2 f5 12. 0-0-0 Bxf2 13. Bd3 f4 14. Bxf4 Nxf4 15. Qxf2 Qf6 16. Be2 a5 17. Rdf1 c6 18. Qg1 c5 19. Nd2 Nc7 20. Kb1 Na6 21. a3 Nb4 22. g3 Bxh3 23. gxf4 Bxf1 24. Qxf1 Qxf4 25. Qxf4 Rxf4 26. axb4 axb4 27. Nb5 Ra6 28. Rf1 Rh4 29. Nc7 Ra4 30. Ne6 Ra8 31. b3 Rh2 32. Re1 h5 33. Nf3 Rh3 34. Kb2 h4 35. Ra1 Rxa1 36. Kxa1 Rh1+ 37. Kb2 h3 38. Kc2 h2 39. Nxh2 Rxh2 40. Kd3 Kh7 41. Nd8 Rh3+ 42. Kc2 b6 43. Nb7 Rc3+ 44. Kb2 Re3 45. Bg4 Rxe4 46. Bf5+ Kh6 47. Bxe4 1-0